Evaluación técnica del área de generación de vapor en AGROINSA
Esta tesis consiste en una evaluación técnica del sistema generador de vapor del Ingenio Victoria de Julio. AGROINSA, durante la zafra 96/97El diagnóstico realizado reflejó: el estado en que se encuentra el área y las limitantes del estudio. Se iniciaron los cálculos y su análisis en el área...
| Main Authors: | , |
|---|---|
| Other Authors: | |
| Format: | Tesis Section = Libro |
| Language: | Undetermined Spanish |
| Published: |
Managua
UNI
1998
|
| Subjects: |
| LEADER | 01304nam a2200253Ia 4500 | ||
|---|---|---|---|
| 008 | 240830s9999 xx 000 0 und d | ||
| 040 | |a BIBLIOTECA-RUSB/ Mon 621.18 M672 | ||
| 041 | |a spa | ||
| 082 | |a Mon 621.18 M672 | ||
| 100 | 1 | |a Miranda Orozco, Indira del Socorro | |
| 100 | 1 | |b Quant Osorno, Julio Daniel | |
| 245 | 1 | 0 | |a Evaluación técnica del área de generación de vapor en AGROINSA |
| 260 | |a Managua |b UNI |c 1998 | ||
| 300 | |a 145 p. :il. | ||
| 500 | |a Contiene: apéndices. | ||
| 502 | |a Tesis (Ingeniero Químico) - UNI, 1998. | ||
| 520 | 3 | |a Esta tesis consiste en una evaluación técnica del sistema generador de vapor del Ingenio Victoria de Julio. AGROINSA, durante la zafra 96/97El diagnóstico realizado reflejó: el estado en que se encuentra el área y las limitantes del estudio. Se iniciaron los cálculos y su análisis en el área de generación eléctrica. Mediante balances de materia, energía y ecuaciones dadas, se calcularon los flujos másicos y energéticos alimentados, producidos, aprovechados y perdidos por el sistema generador. | |
| 650 | 7 | |a GENERACIÓN Y TRASMISIÓN DEL VAPOR | |
| 650 | 7 | |b TURBINAS | |
| 650 | 7 | |c INGENIERÍA QUÍMICA | |
| 700 | 1 | |a Tutor: |b Ramírez Meza, Javier Enrique | |
| 942 | |c BK |2 ddc | ||
| 991 | |a TESIS | ||
| 999 | |c 20047 | ||